LEADER 01035nam a2200241 i 4500 001 000000184472 003 CaOOAMICUS 005 20100111000000.0 008 100111s1925 fr u000 u fre u 013 $a162452 040 $aSeMil$bita 100 1 $aLa Vallée Poussin, Louis : de <1869-1938>.$0(OLS)http://semarc/name/7237 245 10$aNirvâna /$cpar Louis de La Vallée Poussin. 260 $aParis :$bG. Beauchesne,$c1925$e(Luogo di manifattura non identificato :$fImpr. Laffray,$g1925) 300 $aXXIII, 194 p. ;$c19 cm. 490 0 $aÉtudes sur l'histoire des religions ;$v5 650 4$aBuddismo.$0(OLS)http://semarc/subject/909 650 4$aNirvana.$0(OLS)http://semarc/subject/34836 830 0$aÉtudes sur l'histoire des religions ;$v5.$0(OLS)http://semarc/title/18385 850 $aSeMil 852 $aSeMil$W1$xVenegono$y1$m2X I 61$j135168$B135168$CSeMilBibl$Z2$F146773 $81 996 $6245$aNirvâna$9(OLS)http://semarc/title/264788 996 $6260$aParis :$bG. Beauchesne$9(OLS)http://semarc/publisher/35308 LEADER 00869nam a2200241 i 4500 001 000000194327 003 CaOOAMICUS 005 20101111000000.0 008 101111s1997 it u000 u fre u 013 $a172978 040 $aSeMil$bita 245 13$aLe Consolateur :$ba propos de l'Esprit Saint. 260 $aBruxelles :$bSABAM,$ccopyr. 1997. 300 $a47 p. ;$c22 cm. 490 0 $aParoles de vie ;$vN.33 500 $aFondo Card. C.M. Martini. 830 0$aParoles de vie ;$vN.33.$0(OLS)http://semarc/title/24459 850 $aSeMil 852 $aSeMil$W1$xVenegono$y1$m5A XII 2/43$j144901$B144901$CSeMilBibl$Z2$F156326 $81 941 1 $a4 961 $aOmaggio: Martini Card. Carlo Maria 996 $6245$aLe Consolateur :$ba propos de l'Esprit Saint$9(OLS)http://semarc/title/280170 996 $6260$aBruxelles :$bSABAM$9(OLS)http://semarc/publisher/50588